| 000 | 01361nam a2200265Ia 4500 | ||
|---|---|---|---|
| 003 | Ost | ||
| 005 | 20260507075102.0 | ||
| 008 | 260507s9999||||xx |||||||||||||| ||und|| | ||
| 020 | _ax977590272 | ||
| 040 | _cfsecg | ||
| 041 | _aara | ||
| 082 | _a658.8 | ||
| 100 |
_aأبوعلفة، عصام الدين أمين _eمؤلف |
||
| 245 | 0 |
_aالمعلومات والبحوث التسويقية : _b(النظرية والتطبيق) / _c عصام الدين أمين أبوعلفة |
|
| 260 |
_aالاسكندرية: _bمؤسسة حورس, _c2002 |
||
| 300 |
_a256 صفحة؛ _bإيضاحات ؛ _c24 سم |
||
| 504 | _aبيبليوغرافيا: ص.253 | ||
| 520 | _aنظم المعلومات التسويقية،بحوث التسويق،أنواع بحوث التسويق،تحديد مجتمع وعينات البحث،البيانات التسويقية،أساليب جمع البيانات الأولية،تصميم قائمة الاستقصاء،تنفيذ البحوث ميدانيا،القياس وبحوث التسويق،تجهيز البيانات،تحليل البيانات،تقارير بحوث التسويق | ||
| 653 | _aابحاث التسويق | ||
| 653 | _aالبيانات | ||
| 653 | _aالتسويق | ||
| 653 | _aالعينات | ||
| 653 | _aنظم المعلومات- المؤسسة الممتدة | ||
| 942 | _cكتاب | ||
| 999 |
_c42803 _d42803 |
||